Statistiques concernant Pokémon-Les Meneurs de Zone

Cliquez ici pour prendre le quiz!

Statistiques générales

  • Ce quiz a été pris 6 fois
  • Le résultat moyen est 6 sur 12

Statistiques - réponses

Jeu+BâtimentMeneur de Zone% Correct
Pokémon Platine-Tour de CombatKoner
83%
Pokémon Platine-Castel de CombatPercila et Parsley
83%
Pokémon Emeraude-Pyramide de CombatBayar
50%
Pokémon Platine-Usine de CombatCardus
50%
Pokémon Emeraude-Dojo de CombatCarole
50%
Pokémon Emeraude-Tour de CombatCathy
50%
Pokémon Platine-Scène de CombatCélosia
50%
Pokémon Platine-Arcade de CombatDahlia
50%
Pokémon Emeraude-Usine de CombatSam
50%
Pokémon Emeraude-Dôme de CombatTakim
50%
Pokémon Emeraude-Reptile de CombatCharline
33%
Pokémon Emeraude-Palace de CombatEsteban
33%

Distribution des résultats

Percentile par nombre de réponses

% des personnes avec chaque résultat

Votre développement - résultats

Vous n’avez pas pris ce quiz